000 00722nam a2200217Ia 4500
001 17710
003 GE_BSU
008 181216s||||||||xx |||||||||||||| ||und||
020 _a9789992853525
040 _cGE_BSU
080 _a573.6+577.1(076.1)
100 _aქობალია,ვახტანგ
245 _aტესტები მცენარეთა ბიოტექნოლოგიაში
245 _cრედ.კილაძე რ.
260 _aქუთაისი
260 _c2009
300 _a302გვ. 20სმ.
300 _eბიბლ.გვ.300
653 _aტესტები მცენარეთა ბიოტექნოლოგიაში
942 _cBK
999 _c50758
_d50758